书目信息 |
| 题名: |
时代先锋
|
|
| 作者: | ;中共平顶山市委组织部 | |
| 分册: | ||
| 出版信息: | 平顶山 中共平顶山市委组织部 1987.07 |
|
| 页数: | ||
| 开本: | ||
| 丛书名: | ||
| 单 册: | ||
| 中图分类: | D262.2 | |
| 科图分类: | ||
| 主题词: | 中国共产党 | |
| 电子资源: | ||
| ISBN: | ||
| 000 | 00548nam0 2200157 450 | |
| 001 | 0835191235 | |
| 005 | 20080401095021.12 | |
| 100 | @a20080401d1987 km y0chiy0120 ea | |
| 101 | 0 | @achi |
| 200 | 1 | @a时代先锋@Ashi dai xian feng@f中共平顶山市委组织部@Fzhong gong ping ding shan shi wei zu zhi bu |
| 210 | @a平顶山@c中共平顶山市委组织部@d1987.07 | |
| 606 | 0 | @a中国共产党 |
| 690 | @aD262.2@v4 | |
| 711 | 02 | @a中共平顶山市委组织部@Azhong gong ping ding shan shi wei zu zhi bu |
| 801 | 0 | @aCN@b大连网信软件有限公司图书馆·11@c20080401 |
| 905 | @aZUCC@dD262.2@eZ526 | |
| 时代先锋/中共平顶山市委组织部.-平顶山:中共平顶山市委组织部,1987.07 |
| ISBN : |
| ● |
| 相关链接 |
|
|
|
正题名:时代先锋
索取号:D262.2/Z526
 
预约/预借
| 序号 | 登录号 | 条形码 | 馆藏地/架位号 | 状态 | 备注 |
| 1 | 451188 | 204511885 | 社科库509/509社科库 69排6列2层/ [索取号:D262.2/Z526] | 在馆 |